IFM Opac

Recent advances in peace and conflict research (Record no. 14745)

MARC details
000 -LEADER
fixed length control field 00434nam a22001577a 4500
020 ## - INTERNATIONAL STANDARD BOOK NUMBER
International Standard Book Number 0803906110
082 ## - DEWEY DECIMAL CLASSIFICATION NUMBER
Classification number 327.172072DED
100 ## - MAIN ENTRY--PERSONAL NAME
Personal name Dedring, Juergen
245 ## - TITLE STATEMENT
Title Recent advances in peace and conflict research
260 ## - PUBLICATION, DISTRIBUTION, ETC.
Place of publication, distribution, etc. London
Name of publisher, distributor, etc. Sage
Date of publication, distribution, etc. 1976
300 ## - PHYSICAL DESCRIPTION
Extent 249p
Other physical details ill,:25cm
500 ## - GENERAL NOTE
General note Include Bibliography and Index
650 ## - SUBJECT ADDED ENTRY--TOPICAL TERM
Topical term or geographic name entry element Recent advances in peace and conflict research
700 ## - ADDED ENTRY--PERSONAL NAME
Personal name David, Singer
942 ## - ADDED ENTRY ELEMENTS (KOHA)
Koha item type Books
Holdings
Withdrawn status Lost status Damaged status Not for loan Home library Current library Shelving location Date acquired Total Checkouts Full call number Barcode Date last seen Price effective from Koha item type
Withdrawn       IFM Main Campus Library IFM Main Campus Library Archival Collection 01/18/2016   327.172072DED 0000009814 01/18/2016 02/19/2022 Books